00606nam a22001937a 450000500170000001000150001702000260003203500140005803700090007208200140008110000140009524500820010925000060019126000540019727000790025130000200033070000270035070000350037720260702104401.0 aENG-148960 c495.00a9789382120032 aEN-132492 bDBAD a307.1421 aSahu, B.P aNGO in Rural Development/cB.P. Sahu; Jeevan Thapa [and] Deepak Kumar Pradhan a1 aNew DelhibLakshi Publishers & Distributersc2012 bNew DelhiaH.O.: 4/22E, Saket Block, Mandawali Fazalpur, New Delhie110092 a113p.c22cm(hb) aThapa, Jeevan eAuthor aPradhan, Deepak Kumar eAuthor